| 000 | 00488nmm a2200169Ia 4500 | ||
|---|---|---|---|
| 008 | 251105s9999||||xx |||||||||||||||||und|| | ||
| 020 | _a9788499679907 | ||
| 041 | _aspa | ||
| 100 | _aGranados Loureda, Juan A. | ||
| 245 | 0 | _aBreve historia del liberalismo | |
| 264 |
_a[Madrid, España] : _bEdiciones Nowtilus, _c2019 |
||
| 300 | _a320 páginas | ||
| 490 | _aBreve historia | ||
| 650 | _aHistory (General) | ||
| 856 | _uhttps://public.digitaliapublishing.com/a/171885 | ||
| 942 | _cCF | ||
| 999 |
_c93217 _d93217 |
||